Missing Word: Greatest Singers (A-Z) Quiz Stats

 Plays Quiz Updated Jan 30, 2018

Challenge
Share
Tweet
Embed
Score 0/22 Timer 03:00
4 Plays Today
Name Missing Word % Correct
Whitney _______Houston
98%
Marvin ____Gaye
96%
_____ HollyBuddy
95.7%
_______ Mercury Freddie
95.3%
______ FranklinAretha
94.4%
___ MorrisonVan
92.2%
____ Redding Otis
91.6%
____ Pop Iggy
91.2%
Jerry Lee _____Lewis
91.1%
Gladys ______Knight
89.5%
Patsy _____Cline
88.8%
Name Missing Word % Correct
Little _______Richard
86.4%
Bob _____Dylan
83.9%
____ Mitchell Joni
81.5%
______ Robinson Smokey
76.1%
___ WaitsTom
74.7%
_____ HaggardMerle
71.5%
____ JamesEtta
67.8%
Robert _____Plant
67.1%
____ SimoneNina
66%
Howlin' ____Wolf
52.4%
Thom _____Yorke
41.4%

Today's Daily Dose

You're not logged in!

Compare scores with friends on all Sporcle quizzes.
Join for Free
OR
Log In

You Might Also Like...

Show Comments

Extras

Top Quizzes Today


Score Distribution

Your Account Isn't Verified!

In order to create a playlist on Sporcle, you need to verify the email address you used during registration. Go to your Sporcle Settings to finish the process.

Report this User

Report this user for behavior that violates our Community Guidelines.

Details: